00641nam a2200205Ia 4500003000400000005001700004008004100021040000700062082001500069100002700084245002900111260005100140300001500191365001400206650002500220906003100245942001200276999001900288952012800307OSt20230429112231.0210423s2001 xx 000 0 und d cAL a660.6 PRIS aPRIMROSE (S B).995157 aMolecular biotechnology. aNew DelhibPanima Publishing Corporationc2001 aix,370bPB b1250cINR aBiotechnology995158 abiotechnology. ; Molecular 2ddccBK c162835d162835 001040708BTaSACPGbSACPGd2004-04-29eBook Worldg1250.00l0o660.6 PRISpPG009329r2022-08-24 00:00:00w2021-04-26yBK